Ο ρόλος της ηγεσίας στην παρακίνηση εκπαιδευτικών πρωτοβάθμιας εκπαίδευσης : διπλωματική εργασία [μεταπτυχιακή εργασία]
Αποθηκεύτηκε σε:
| Κύριος συγγραφέας: | |
|---|---|
| Συγγραφή απο Οργανισμό/Αρχή: | |
| Μορφή: | Thesis Βιβλίο |
| Γλώσσα: | Greek |
| Δημοσίευση: |
2017.
|
| Θέματα: | |
| Διαθέσιμο Online: | http://hdl.handle.net/11610/18945 |
| Ετικέτες: |
Προσθήκη ετικέτας
Δεν υπάρχουν, Καταχωρήστε ετικέτα πρώτοι!
|
MARC
| LEADER | 00000cam a2200000 a 4500 | ||
|---|---|---|---|
| 001 | 1/114974 | ||
| 008 | 170920s2017####gr | ||| |||| ||gre|| | ||
| 040 | |a GR-MyUa |b gre |c GR-MyUa |e AACR2 | ||
| 041 | 0 | |a gre | |
| 082 | 7 | |a 371.20092 |2 (23) | |
| 100 | 1 | |a Κυδώνη, Σοφία. | |
| 245 | 1 | 2 | |a Ο ρόλος της ηγεσίας στην παρακίνηση εκπαιδευτικών πρωτοβάθμιας εκπαίδευσης : |b διπλωματική εργασία [μεταπτυχιακή εργασία] / |c Κυδώνη Σοφία ; επιβλέπων καθηγητής: Κέφης Βασίλειος. |
| 260 | |c 2017. | ||
| 300 | |a 198 σ. : |b πίν., διαγρ. ; |c 30 εκ. | ||
| 500 | |a Υπάρχει ψηφιακό αντίγραφο. | ||
| 500 | |a Μέλη εξεταστικής επιτροπής: Κοντάκος Αναστάσιος, Σταμάτης Παναγιώτης. | ||
| 502 | # | # | |a Διατριβή (μεταπτυχιακή) – Πανεπιστήμιο Αιγαίου, Ρόδος, 2017. |
| 504 | |a Βιβλιογραφία: σ. 122-134. | ||
| 506 | 1 | |a Διάθεση μόνο λέξεων κλειδιών - περιλήψεων. | |
| 650 | 0 | |a School principals |z Greece. | |
| 650 | 0 | |a School administrators. | |
| 650 | 0 | |a School management and organization. | |
| 650 | 0 | |a Education, Elementary |z Greece. | |
| 700 | 1 | |a Κέφης, Βασίλειος Ν. |e dgs | |
| 710 | 2 | |a Πανεπιστήμιο Αιγαίου |b Σχολή Ανθρωπιστικών Επιστημών |b Τμήμα Επιστημών της Προσχολικής Αγωγής και του Εκπαιδευτικού Σχεδιασμού |b Πρόγραμμα Μεταπτυχιακών Σπουδών Μοντέλα Σχεδιασμού και Ανάπτυξης Εκπαιδευτικών Μονάδων . | |
| 852 | |a INST |b RHODES |c DIATR |e 20170920 |h 371.20092 ΚΥΔ |p 005400039505 |q 005400039505 |t MTXE |y 23 | ||
| 856 | |u http://hdl.handle.net/11610/18945 | ||
| 924 | |a Κυδώνη |b Σοφία |y Ρόδος |z 2017-05 | ||
| 970 | |z 20-09-2017 | ||